000 00723cab a2200253 4500
001 ABS48444
008 090401t1993 xxu||||| |||| 00| 0 eng d
035 _a(Sirsi) u66759
041 _aeng
100 _aHebblethwaite, R.
245 _aRising from the ashes
260 _c1993
350 _a0
490 _aLandscape Design
_v(219) April 1993, 31-34(4)
520 _aConsiders how pulverised fuel ash, a by-product from coal-fired power stations can be used in landscape restoration. References.
650 _aLAND RECLAMATION
650 _aLANDFILL
650 _aLANDSCAPE DESIGN
650 _aPULVERISED FUEL ASH
650 _aWASTE MANAGEMENT
690 _aLAND
942 _n0
948 _c04/03/1997
999 _c41707
_d41707